000
00309nam a2200133Ia 4500
100
_a
Giles/ Evett
942
_c
BK
654
_a
Fluid
245
_a
Fluid Mechanics and hydraulics:Schaums outline
260
_b
Tata Mc Graw hill
_a
New Delhi
_c
2004
082
_a
532
_b
GIL
300
_a
378
546
_a
ENGLISH
999
_c
22459
_d
22459